Gaming Quiz

Random Gaming or Video Games Quiz
Score 0/28 Timer 05:00
0 Plays Today
City % Correct
Assur
100%
Nineveh
33.3%
Tadmor
33.3%
Nimrud
0%
Kar-Tukulti-Ninurta
0%
Dur-Sharrukin
0%
Halab
0%
Carchemish
0%
Kanesh
0%
Harran
0%
Imgur-Enlil
0%
Shubat-Enlil
0%
Qatna
0%
Sareisa
0%
City % Correct
Sam al
0%
Qarqar
0%
Til Barsip
0%
Sultantepe
0%
Erbil
0%
Hamath
0%
Guzana
0%
Turuspa
0%
Nasibina
0%
Arpad
0%
Kelashin
0%
Urartu
0%
Sabata
0%
Hit
0%
Remove Ads.
Support Sporcle.
Get the best of Sporcle when you Go Orange. This ad-free experience offers more features, more stats, and more fun while also helping to support Sporcle. Thank you for becoming a member.

You're not logged in!

Compare scores with friends on all Sporcle quizzes.
OR
Log In

Sporcle TV

Today on Sporcle TV


Watch our educational content, quiz creation guides, and fun videos on Sporcle TV.

Show Comments

Extras

Top Quizzes Today


Score Distribution

Paid Content

Your Account Isn't Verified!

In order to create a playlist on Sporcle, you need to verify the email address you used during registration. Go to your Sporcle Settings to finish the process.

Report this User

Report this user for behavior that violates our Community Guidelines.

Details: